Introduction to social policy analysis / (رقم التسجيلة. 10210)
[ عرض عادي ]
| 000 -الفاتح | |
|---|---|
| حقل البيانات ثابتة الطول | 00599nam a22002177a 4500 |
| 003 - محدد رقم الضبط | |
| رقم الضبط | INP |
| 005 - وقت وتاريخ اخر تعامل مع التسجيلة | |
| رقم الضبط | 20260622100002.0 |
| 008 - عناصر البيانات ثابتة الطول - معلومات عامة | |
| حقل البيانات ثابتة الطول | 180515b2016 enk||||f |||| 00| 0 eng d |
| 040 ## - مصدر الفهرسة | |
| وكالة الفهرسة الأصلية | EG-INP |
| لغة الفهرسة | eng |
| وكالة النسخ | EG-INP |
| 082 04 - رقم تصنيف ديوى العشرى | |
| رقم الطبعة | 21 |
| رقم التصنيف | 320.6 |
| رقم المادة | s i |
| 100 1# - المدخل الرئيسى - إسم شخصى | |
| الإسم الشخصى | Sinclair, Stephen. |
| 245 10 - بيان العنوان | |
| العنوان | Introduction to social policy analysis / |
| بيان المسئولية | Stephen Sinclair. |
| 260 ## - بيانات النشر | |
| مكان الناشر او الموزع | Bristol : |
| اسم الناشر او الموزع | Policy Press, |
| تاريخ النشر أو التوزيع | 2016. |
| 300 ## - الوصف المادى | |
| التعداد | 182 p. ; |
| أبعاد الوعاء | 24 cm. |
| 650 #0 - المدخل الاضافى بالموضوع-مصطلح موضوعى | |
| مصطلح موضوعي كعنصر مدخل | Social policy. |
| 9 (RLIN) | 3025 |
| 650 #0 - المدخل الاضافى بالموضوع-مصطلح موضوعى | |
| مصطلح موضوعي كعنصر مدخل | Social service. |
| 9 (RLIN) | 3035 |
| 650 #0 - المدخل الاضافى بالموضوع-مصطلح موضوعى | |
| مصطلح موضوعي كعنصر مدخل | Social planning. |
| 9 (RLIN) | 2996 |
| 901 ## - عنصر بيانات محلىA, LDA (RLIN) | |
| كود المفهرس | EGPV23 |
| 903 ## - original or copycat | |
| a | original |
| حالة التراجع | المكان المؤقت | الموقع الحالى | نوع وعاء كوها |
|---|---|---|---|
| Library INP | Library INP | كتاب |
Institute of National Planning Catalog